| 000 | 00613cam a2200217 4500500 | ||
|---|---|---|---|
| 005 | 20260405003604.0 | ||
| 041 | _afre | ||
| 042 | _adc | ||
| 100 | 1 | 0 |
_aMorel, François _eauthor |
| 245 | 0 | 0 | _aConseil n° 22 : soyons à la fête |
| 260 | _c2022. | ||
| 500 | _a42 | ||
| 690 | _aFête | ||
| 690 | _aFleurs | ||
| 690 | _aFrançois Morel | ||
| 690 | _aHumour | ||
| 690 | _aPlante | ||
| 690 | _aRire | ||
| 786 | 0 | _nPhilosophie magazine | 163 | 10 | 2022-10-01 | p. 75-75 | 1951-1787 | |
| 856 | 4 | 1 | _uhttps://shs.cairn.info/magazine-philosophie-magazine-2022-10-page-75?lang=fr&redirect-ssocas=7080 |
| 999 |
_c2069030 _d2069030 |
||